| 000 -LEADER |
| fixed length control field |
00654nam a22001817a 4500 |
| 005 - DATE AND TIME OF LATEST TRANSACTION |
| control field |
20201224124245.0 |
| 008 - FIXED-LENGTH DATA ELEMENTS--GENERAL INFORMATION |
| fixed length control field |
190611b2019 ru ||||| |||| 00| 0 ruc d |
| 020 ## - INTERNATIONAL STANDARD BOOK NUMBER |
| Qualifying information |
15612457 |
| 050 ## - LIBRARY OF CONGRESS CALL NUMBER |
| Classification number |
ruc |
| 245 ## - TITLE STATEMENT |
| Title |
Психология Обучения : |
| Remainder of title |
2019 / |
| Statement of responsibility, etc. |
Гл. ред: В. И. Слободчиков. |
| 260 ## - PUBLICATION, DISTRIBUTION, ETC. |
| Place of publication, distribution, etc. |
Москва : |
| Name of publisher, distributor, etc. |
СГУ, |
| Date of publication, distribution, etc. |
2019. |
| 300 ## - PHYSICAL DESCRIPTION |
| Extent |
110 стр. |
| Other physical details |
22 см. |
| 653 ## - INDEX TERM--UNCONTROLLED |
| Uncontrolled term |
პერიოდიკა |
| 653 ## - INDEX TERM--UNCONTROLLED |
| Uncontrolled term |
სწავლის ფსიქოლოგია |
| 653 ## - INDEX TERM--UNCONTROLLED |
| Uncontrolled term |
Психология Обучения |
| 700 ## - ADDED ENTRY--PERSONAL NAME |
| Personal name |
Слободчиков, В. И. |
| 9 (RLIN) |
921 |
| Relator term |
რედაქტორი |
| 942 ## - ADDED ENTRY ELEMENTS (KOHA) |
| Source of classification or shelving scheme |
|
| Koha item type |
პერიოდიკა |